| 000 | 00357nam a2200145Ia 4500 | ||
|---|---|---|---|
| 008 | 230917s9999||||xx |||||||||||||| ||und|| | ||
| 040 |
_e5881 _aMAIN |
||
| 041 | _aEnglish | ||
| 082 | _a362.20973 P697P | ||
| 100 | _aPlatt, Anthony | ||
| 245 | 0 | _aPolicing America | |
| 260 |
_aEnglewood Cliffs _bPrintice-Hall _c1974 |
||
| 300 | _axi, 215 p. | ||
| 942 | _cBK | ||
| 999 |
_c219774 _d219774 |
||